The complete guide to investment analysis

محفوظ في:
التفاصيل البيبلوغرافية
المؤلف الرئيسي: Badger, E.Ralph
مؤلفون آخرون: Coffman, Paul B
التنسيق: كتاب
منشور في: New York McGraw Hill Book Company c1967
الموضوعات:
الوسوم: إضافة وسم
لا توجد وسوم, كن أول من يضع وسما على هذه التسجيلة!

MARC

LEADER 00000nam a2200000 4500
020 |a NA  |c TZS 175.50 
040 |a MUL  |b eng  |e AACR 
082 |a 332.632 BAD 
100 |a Badger, E.Ralph 
245 |a The complete guide to investment analysis  |c /Ralph E. Badger, with the collaboration of Paul B. Coffman 
260 |a New York  |b McGraw Hill Book Company  |c c1967 
300 |a vi, 504 p. :  |b ill. ;  |c 22 cm 
500 |a The complete guide to investment analysis 
504 |a Includes index 
546 |a eng 
650 |a Investment analysis 
700 |a Coffman, Paul B 
942 |c BK 
999 |c 8249  |d 8249